=LDR 00000nam 2200000 4500 =001 INLIS000000000019517 =005 20130612114552 =008 ***********************************Ind** =035 ##$$0010-061300000019517 =041 ##$$a Ind =082 ##$$a 373.238 076 =090 ##$$a 373.238 076, Per p =245 ##$$a Persiapan menghadapi ujian nasional SMP 2006, Drs. Tatang Rahmat =260 ##$$a 2005 $b Bandung =300 ##$$a 584 hlm, 30 cm =650 ##$$a Evaluasi Soal-soal =850 ##$$a NBPNMAT